Integración y formación de comunidades políticas (Registro nro. 6647)
[ vista simple ]
| 000 -LEADER | |
|---|---|
| fixed length control field | 01205 a2200277 4500 |
| 001 - CONTROL NUMBER | |
| control field | 59312 |
| 005 - DATE AND TIME OF LATEST TRANSACTION | |
| control field | 20260407155847.0 |
| 008 - FIXED-LENGTH DATA ELEMENTS--GENERAL INFORMATION | |
| fixed length control field | 260407a1966 arg spa d |
| 003 - CONTROL NUMBER IDENTIFIER | |
| control field | AR-UNSa-BCEJYS |
| 040 ## - CATALOGING SOURCE | |
| Original cataloging agency | AR-UNSa-BCEJYS |
| Language of cataloging | spa |
| Transcribing agency | AR-UNSa-BCEJYS |
| 080 ## - UNIVERSAL DECIMAL CLASSIFICATION NUMBER | |
| Universal Decimal Classification number | 339.92 |
| Common auxiliary subdivision | Cooperación económica internacional. Integración económica internacional |
| 100 1# - MAIN ENTRY--PERSONAL NAME | |
| Personal name | Deutsch, Karl W. |
| 245 10 - TITLE STATEMENT | |
| Title | Integración y formación de comunidades políticas |
| Name of part/section of a work | análisis sociológico de experiencias históricas |
| 264 #1 - PRODUCTION, PUBLICATION, DISTRIBUTION, MANUFACTURE, AND COPYRIGHT NOTICE | |
| Place of production, publication, distribution, manufacture | Buenos Aires : |
| Name of producer, publisher, distributor, manufacturer | BID/INTAL (Banco Interamericano de Desarrollo. Instituto para la integración de América Latina) |
| Date of production, publication, distribution, manufacture, or copyright notice | 1966 |
| 300 ## - PHYSICAL DESCRIPTION | |
| Extent | 256 p. |
| Dimensions | 23 cm. |
| 505 ## - FORMATTED CONTENTS NOTE | |
| Formatted contents note | 1. Principales hallazgos: las condiciones originarias – 2. Principales hallazgos: la integración como proceso – 3. Estado actual de la integración en el área del Atlántico Norte – 4. Consecuencias políticas para el área del Atlántico Norte - |
| 590 ## - LOCAL NOTE (RLIN) | |
| Local note | niveau_biblio:m niveau_hierar:0 |
| 700 1# - ADDED ENTRY--PERSONAL NAME | |
| Personal name | Burrell, S.A. |
| 700 1# - ADDED ENTRY--PERSONAL NAME | |
| Personal name | kann, R.A. |
| 700 1# - ADDED ENTRY--PERSONAL NAME | |
| Personal name | Lee, M,Jr. |
| 700 1# - ADDED ENTRY--PERSONAL NAME | |
| Personal name | Lichterman, M. |
| 700 1# - ADDED ENTRY--PERSONAL NAME | |
| Personal name | Lindgren, R.E. |
| 700 1# - ADDED ENTRY--PERSONAL NAME | |
| Personal name | Loewenheim, F.L. |
| 700 1# - ADDED ENTRY--PERSONAL NAME | |
| Personal name | Van Wagenen, R.W. |
| 942 ## - ADDED ENTRY ELEMENTS (KOHA) | |
| Koha item type | |
| Withdrawn status | Lost status | Damaged status | Not for loan | Home library | Current library | Shelving location | Date acquired | Total checkouts | Full call number | Barcode | Date last seen | Price effective from | Koha item type |
|---|---|---|---|---|---|---|---|---|---|---|---|---|---|
| Biblioteca Prof. Eusebio Cleto del Rey | Biblioteca Prof. Eusebio Cleto del Rey | 07/04/2026 | 339.92 D485 | L44076 | 07/04/2026 | 07/04/2026 | Libro | ||||||
| Biblioteca Prof. Eusebio Cleto del Rey | Biblioteca Prof. Eusebio Cleto del Rey | 07/04/2026 | 339.92 D485 | L65021 | 07/04/2026 | 07/04/2026 | Libro | ||||||
| Biblioteca Prof. Eusebio Cleto del Rey | Biblioteca Prof. Eusebio Cleto del Rey | 07/04/2026 | 339.92 D485 | L13829 | 07/04/2026 | 07/04/2026 | Libro |